Learn to play the guitar (Record no. 15950)

MARC details
000 -LEADER
fixed length control field 00539nam a22001697a 4500
008 - FIXED-LENGTH DATA ELEMENTS--GENERAL INFORMATION
fixed length control field 160510b xxu||||| |||| 00| 0 eng d
020 ## - INTERNATIONAL STANDARD BOOK NUMBER
International Standard Book Number 1445408835
040 ## - CATALOGING SOURCE
Original cataloging agency KABU
Transcribing agency KABU
050 ## - LIBRARY OF CONGRESS CALL NUMBER
Classification number MT580
Item number .F74 2010 c. 1
100 ## - MAIN ENTRY--PERSONAL NAME
Personal name Freeth, Nick
245 ## - TITLE STATEMENT
Title Learn to play the guitar
Remainder of title a step-by-step guide
Statement of responsibility, etc. Nick Freeth
260 ## - PUBLICATION, DISTRIBUTION, ETC. (IMPRINT)
Place of publication, distribution, etc. New York
Name of publisher, distributor, etc. Parragon
Date of publication, distribution, etc. 2010
300 ## - PHYSICAL DESCRIPTION
Extent 192 p.
650 ## - SUBJECT ADDED ENTRY--TOPICAL TERM
Topical term or geographic name as entry element Guitar
Form subdivision Instructions & study
650 ## - SUBJECT ADDED ENTRY--TOPICAL TERM
Topical term or geographic name as entry element Guitar
Form subdivision Methods, self instruction
942 ## - ADDED ENTRY ELEMENTS (KOHA)
Source of classification or shelving scheme Library of Congress Classification
Koha item type General Collection
Classification part MT580 .F74 2010 c. 1
Holdings
Withdrawn status Lost status Source of classification or shelving scheme Not for loan Home library Current library Shelving location Date acquired Cost, normal purchase price Total Checkouts Full call number Barcode Date last seen Date last checked out Copy number Price effective from Koha item type
    Library of Congress Classification   Kabarak, Main Campus Kabarak, Main Campus General Stacks 10/05/2016 1495.00 5 MT580 .F74 2010 c. 1 026480 16/03/2020 04/03/2020 c. 1 10/05/2016 General Collection
Designed with assistance from East African Informatics Ltd